| 000 -ლიდერი |
| ფიქსირებული სიგრძის საკონტროლო ველი |
01243nam a2200229Ia 4500 |
| 001 - საკონტროლო ნომერი |
| საკონტროლო ველი |
1604 |
| 003 - საკონტროლო ნომრის იდენტიფიკატორი |
| საკონტროლო ველი |
GE_BSU |
| 005 - ბოლო ოპერაციის თარიღი და დრო |
| საკონტროლო ველი |
20221205103803.0 |
| 008 - ფიქსირებული სიგრძის მონაცემთა ელემენტები - ზოგადი ინფორმაცია |
| ფიქსირებული სიგრძის საკონტროლო ველი |
181216s1990||||ge |||||||||||||| ||geo|| |
| 040 ## - კატალოგიზაციის წყარო |
| Transcribing agency |
GE_BSU |
| 041 ## - ენის კოდი |
| Language code of text/sound track or separate title |
geo |
| 080 ## - უნივერსალური ათობითი კლასიფიკაციის ინდექსი |
| Universal Decimal Classification number |
624.014(072) ბ–73 |
| 245 ## - ცნობა სათაურის შესახებ |
| Title |
მეთოდური მითითებანი საკურსო სამუშაოს შესასრულებლად ლითონის კონსტრუქციებში : |
| Remainder of title |
სამრეწველო და სამოქალაქო მშენებლობის სპეციალობის სტუდენტებისათვის / |
| Statement of responsibility, etc |
შემდგ.რ.ი.ბიძინაშვილი, ო.გ.ხაზარაძე. |
| 264 ## - წარმოების, გამოცემის, დისტრიბუციის და სხვა ცნობები |
| გამოცემის, წარმოების, დისტრიბუციის... ადგილი |
თბილისი |
| გამოცემის, წარმოების, დისტრიბუციის... თარიღი |
1990. |
| 300 ## - ფიზიკური აღწერა |
| Extent |
96 გვ. |
| 653 ## - INDEX TERM--UNCONTROLLED |
| Uncontrolled term |
ლითონის კონსტრუქციები |
| 653 ## - INDEX TERM--UNCONTROLLED |
| Uncontrolled term |
მეთოდური მითითებანი |
| 653 ## - INDEX TERM--UNCONTROLLED |
| Uncontrolled term |
შენებლობა |
| 700 ## - ADDED ENTRY--PERSONAL NAME |
| Personal name |
ბიძინაშვილი, რ.ი. |
| Relator term |
შემდგენელი |
| 9 (RLIN) |
16333 |
| 700 ## - ADDED ENTRY--PERSONAL NAME |
| Personal name |
ხაზარაძე, ო.გ. |
| Relator term |
შემდგენელი |
| 9 (RLIN) |
16335 |
| 942 ## - ADDED ENTRY ELEMENTS (KOHA) |
| Koha item type |
წიგნი |
| Source of classification or shelving scheme |
|